KAMUS Inggeris-Melayu Dewan = An English-Malay dictionary

Bibliographic Details
Format: Book
Published: Kuala Lumpur : DBP , 1992
Subjects:

MARC

LEADER 00000cam a2200000 7i4500
001 0000000034
005 20000624.0
020 0 0 |a 9836222820 
090 0 0 |a 499.23321   |b KAM MR 1992 
245 0 0 |a KAMUS Inggeris-Melayu Dewan = An English-Malay dictionary 
260 0 0 |a Kuala Lumpur :   |b DBP ,   |c 1992 
300 |a xxxviii, 1945 p. ;   |c 25 cm. 
500 0 0 |a Kamus Inggeris Melayu Dewan 
650 0 0 |a English language   |x Dictionaries   |x Malay 
650 0 0 |a Malay language   |x Dictionaries   |x English 
999 |a 0000000256   |b Monograph   |c Open Shelf   |e Default branch 
999 |a 0000000479   |b Monograph   |c Reference   |e Default branch 
999 |a 0000001222   |b Monograph   |c Reference   |e Default branch 
999 |a 0000001223   |b Monograph   |c Reference   |e Default branch